| 000 | 00624nam a22002177a 4500 | ||
|---|---|---|---|
| 003 | UA-OsUOA | ||
| 001 | 119041 | ||
| 007 | ta | ||
| 008 | 20161003b un ||||| |||| 00| 0 ukr d | ||
| 100 | _aЯсна І. | ||
| 090 |
_a101 _bЯ82 |
||
| 942 | _cSA | ||
| 040 |
_aUA-OsUOA _bfre _cUA-OsUOA _dUA-OsUOA |
||
| 245 | _aПостсучасні соціальні конфлікти: спроби концептуалізації | ||
| 300 | _aС.104-118 | ||
| 955 | _a0 | ||
| 041 | _afre | ||
| 080 | _a101 | ||
| 773 | 0 |
_w119040 _tФілософська думка _dК. _d2016 _g4 |
|
| 650 | 7 |
_a1 Філософські науки _2UDC |
|
| 999 |
_c405349 _d405349 |
||